Power system analysis (Record no. 1347)

000 -LEADER
fixed length control field 00590nam a2200229 a 4500
001 - CONTROL NUMBER
control field 1347
003 - CONTROL NUMBER IDENTIFIER
control field BD-DhUET
008 - FIXED-LENGTH DATA ELEMENTS--GENERAL INFORMATION
fixed length control field 931008s1994 nyua 001 0 eng
020 ## - INTERNATIONAL STANDARD BOOK NUMBER
International Standard Book Number 0070585156
020 ## - INTERNATIONAL STANDARD BOOK NUMBER
International Standard Book Number 0071133380
040 ## - CATALOGING SOURCE
Original cataloging agency DLC
Transcribing agency DLC
Modifying agency BD-DhUET
082 00 - DEWEY DECIMAL CLASSIFICATION NUMBER
Classification number 623.19
Item number GRA/1994
100 1# - MAIN ENTRY--PERSONAL NAME
Personal name Grainger, John J.
245 10 - TITLE STATEMENT
Title Power system analysis
250 ## - EDITION STATEMENT
Edition statement 1st ed.
260 ## - PUBLICATION, DISTRIBUTION, ETC. (IMPRINT)
Place of publication, distribution, etc. New York
Name of publisher, distributor, etc. McGraw-Hill
Date of publication, distribution, etc. 1994
300 ## - PHYSICAL DESCRIPTION
Extent xix, 787 p.
Other physical details ill.
504 ## - BIBLIOGRAPHY, ETC. NOTE
Bibliography, etc Includes bibliographies
650 #0 - SUBJECT ADDED ENTRY--TOPICAL TERM
Topical term or geographic name as entry element Electric power systems-Management
700 1# - ADDED ENTRY--PERSONAL NAME
Personal name Stevenson, William D.
942 ## - ADDED ENTRY ELEMENTS (KOHA)
Koha item type General Book
Holdings
Withdrawn status Not for loan Koha date last seen Lost status Piece designation (barcode) Koha normalized classification for sorting Koha date last borrowed Source of classification or shelving scheme Location (home branch) Koha full call number Koha issues (times borrowed) Sublocation or collection (holding branch) Koha renewals Copy number Koha item type Price effective from Date acquired Shelving location Damaged status Koha out on loan
  2024-06-01 103960623_000000000000000_19GRA19942024-03-04 Central Library, BUET623.19/GRA/19945Central Library, BUET 1General Book2014-09-032014-09-03Circulation section  
  2020-01-14 103961623_000000000000000_19GRA19942019-05-06 Central Library, BUET623.19/GRA/19941Central Library, BUET 2General Book2014-09-032014-09-03Circulation section  
  2025-11-03 103962623_000000000000000_19GRA19942025-07-13 Central Library, BUET623.19/GRA/19943Central Library, BUET13General Book2014-09-032014-09-03Circulation section  
  2025-04-22 103963623_000000000000000_19GRA19942019-10-21 Central Library, BUET623.19/GRA/19941Central Library, BUET 4General Book2014-09-032014-09-03Circulation section  
  2023-11-27 103964623_000000000000000_19GRA19942023-11-27 Central Library, BUET623.19/GRA/19941Central Library, BUET 5General Book2014-09-032014-09-03Circulation section 2023-12-11
  2016-01-26 103965623_000000000000000_19GRA1994  Central Library, BUET623.19/GRA/1994 Central Library, BUET 6General Book2014-09-032014-09-03Circulation section  
  2021-12-13 103966623_000000000000000_19GRA19942021-02-13 Central Library, BUET623.19/GRA/19941Central Library, BUET27General Book2014-09-032014-09-03Circulation section  
  2022-02-06 103967623_000000000000000_19GRA19942022-02-06 Central Library, BUET623.19/GRA/19942Central Library, BUET 8General Book2014-09-032014-09-03Circulation section 2023-02-06
  2025-05-03 103968623_000000000000000_19GRA19942025-05-03 Central Library, BUET623.19/GRA/19945Central Library, BUET 9General Book2014-09-032014-09-03Circulation section 2025-05-17
  2015-06-21 89529623_190000000000000_GRA_1994  Central Library, BUET623.19/GRA/1994 Central Library, BUET 10Reading Item2015-06-212015-06-21Reading section  
  2015-06-21 91138623_190000000000000_GRA_1994  Central Library, BUET623.19/GRA/1994 Central Library, BUET 11Reading Item2015-06-212015-06-21Reading section  
  2015-07-02 90777623_190000000000000_GRA_1994  Central Library, BUET623.19/GRA/1994 Central Library, BUET 12Reading Item2015-07-022015-07-02Reading section